Central Library OPAC University of Rajshahi

Report of the fourth general conference of the International Association of Universities : (Record no. 50909)

MARC details
000 -LEADER
fixed length control field 00769nam a2200217 a 4500
001 - CONTROL NUMBER
control field 50909
003 - CONTROL NUMBER IDENTIFIER
rucl marc code BD-RjUL
005 - DATE AND TIME OF LATEST TRANSACTION
control field 20211209075601.0
008 - FIXED-LENGTH DATA ELEMENTS--GENERAL INFORMATION
fixed length control field 160829s1966 fr 100 0 eng
035 ## - SYSTEM CONTROL NUMBER
System control number (BD-RjUL)51029
040 ## - CATALOGING SOURCE
Original cataloging agency DLC
Transcribing agency DLC
Modifying agency DLC
Language of cataloging eng
041 ## - LANGUAGE CODE
Language code of text/sound track or separate title eng
082 00 - DEWEY DECIMAL CLASSIFICATION NUMBER
Classification number 378.00601
Author mark and year REP 1966
245 10 - TITLE STATEMENT
Title Report of the fourth general conference of the International Association of Universities :
Remainder of title Tokyo, 31 August-6 September 1965 /
260 ## - PUBLICATION, DISTRIBUTION, ETC. (IMPRINT)
Place of publication, distribution, etc. Paris :
Name of publisher, distributor, etc. International Association of Universities,
Date of publication, distribution, etc. 1966
300 ## - PHYSICAL DESCRIPTION
Pagination 263 p. ;
Size 24 cm.
650 #0 - SUBJECT ADDED ENTRY--TOPICAL TERM
Topical term or geographic name as entry element Education, Higher
General subdivision Congresses.
9 (RLIN) 152383
710 ## - ADDED ENTRY--CORPORATE NAME
Corporate name or jurisdiction name as entry element International Association of Universities.
Subordinate unit General Conference. 4th, Tokyo, 1965.
9 (RLIN) 153136
942 ## - ADDED ENTRY ELEMENTS (KOHA)
Source of classification or shelving scheme Dewey Decimal Classification
Koha item type Books
Holdings
Lost status Source of classification or shelving scheme Damaged status Not for loan Collection code Permanent Location Current Location Shelving location Date acquired Source of acquisition Total Checkouts Full call number Date last seen Copy number Koha item type
  Dewey Decimal Classification     Non-fiction Central Library, University of Rajshahi Central Library, University of Rajshahi   03/04/1968 U.S.A.   378.00601 REP 1966 29/08/2016 C-2 Books